| 000 | 00885pam a2200265 i 4500 | ||
|---|---|---|---|
| 001 | 881312 | ||
| 003 | ARRUPE | ||
| 005 | 20140924164051.0 | ||
| 008 | 800429s1980 cau b 001 0 eng | ||
| 010 | _a 80007745 | ||
| 020 | _a0060693452 | ||
| 040 |
_aDLC _cDLC _dDLC |
||
| 050 | 1 | 0 |
_aBX1378.5 _b.M36 1980 |
| 082 | 0 | 0 | _a282/.092/4 |
| 245 | 0 | 4 |
_aThe Man who leads the Church ; an assessment of Pope John Paul II / _cJohn Whale, editor ; Peter Hebblethwaite ... [et al.] |
| 250 | _a1st U.S. ed. | ||
| 260 |
_aSan Francisco, CA : _bHarper & Row, _cc1980. |
||
| 300 |
_a271 p. ; _c22 cm. |
||
| 504 | _aIncludes bibliographical references and index. | ||
| 600 | 0 | 0 |
_aJohn Paul _bII, _cPope, _d1920-2005. _91322 |
| 700 | 1 |
_aWhale, John, _d1931-2008. _911595 |
|
| 700 | 1 |
_aHebblethwaite, Peter. _93587 |
|
| 906 |
_a7 _bcbc _corignew _d1 _eocip _f19 _gy-gencatlg |
||
| 942 |
_2lcc _cMONOGRAPH |
||
| 999 |
_c120941 _d120941 |
||